| 000 | 00344nam a2200145Ia 4500 | ||
|---|---|---|---|
| 999 |
_c2457 _d2457 |
||
| 003 | MAJU-Karachi | ||
| 005 | 20220628115224.0 | ||
| 008 | 190802s9999 xx 000 0 und d | ||
| 040 | _c0 | ||
| 100 | _aDr. Farrukh Malik | ||
| 245 | 0 | _aTruth of Fabrication | |
| 260 |
_aLahore _bDr. Farrukh Malik _c2006 |
||
| 300 | _a318:p | ||
| 942 |
_cBK _2ddc |
||